| 000 | 01008cam a22003137a 4500 | ||
|---|---|---|---|
| 003 | CHAP | ||
| 005 | 20220329135832.0 | ||
| 008 | 971013s1937 r 00010 d | ||
| 010 | _a43042 | ||
| 011 | _a44014 | ||
| 035 | _a48152 | ||
| 040 | _cCHAP | ||
| 082 |
_a338.17374 _bM4 |
||
| 110 |
_aMéxico. Dirección General Técnica de Ingresos _977059 |
||
| 245 | 1 | 3 | _aLa importancia de cacao |
| 260 |
_aMéxico, D.F. : _bSecretaría de Hacienda y Crédito Público, _c1937 |
||
| 300 | _a100 h | ||
| 490 | 0 |
_aInvestigaciones económicas _v; 45 |
|
| 590 |
_aBATCH-UPD _b10 _c20130110 _lUCH01 _h1834 |
||
| 590 |
_aBATCH-UPD _b10 _c20130410 _lUCH01 _h1206 |
||
| 590 |
_aBATCH-UPD _b10 _c20130914 _lUCH01 _h0803 |
||
| 590 |
_aCONVERSION _b10 _c20130109 _lUCH01 _h1324 |
||
| 650 | 1 | 4 |
_aCacao _xComercio. _916932 |
| 650 | 1 | 4 |
_aCacao _xMercadeo _xMéxico. _916959 |
| 830 | 0 |
_aInvestigaciones económicas _v; 45 _960209 |
|
| 901 | _aBK | ||
| 942 | _cLIBRO | ||
| 949 |
_a338.17374 M4 _bBC _cBPA _d33724000117677 _eBPA _i48152 _si |
||
| 999 |
_c43042 _d43042 |
||